[Event "27th Fajr Cup Masters 2019"]
[Site "Tehran"]
[Date "2019.02.10"]
[Round "8.6"]
[White "Malakhatko, Vadim"]
[Black "Khodashenas, Mersad"]
[Result "1-0"]
[WhiteElo "2525"]
[BlackElo "2455"]
[Annotator "RC"]
[PlyCount "211"]
[EventDate "2019.02.05"]
[EventType "swiss"]
[EventCountry "IRI"]
[SourceTitle "playchess.com"]
[Source "ChessBase"]
[SourceQuality "1"]
[TimeControl "5400+30"]

1. d4 {[%emt 0:00:00]} d5 {[%emt 0:00:00]} 2. c4 {[%emt 0:00:00]} dxc4 {[%emt 0:00:00]} 3. e4 {[%emt 0:00:00]} Nf6 {[%emt 0:00:00]} 4. e5 {[%emt 0:00:08]} Nd5 {[%emt 0:00:00]} 5. Bxc4 {[%emt 0:00:12]} Bf5 {[%emt 0:00:00]} 6. Ne2 {[%emt 0:01:24]} e6 {[%emt 0:04:25]} 7. O-O {[%emt 0:00:17]} Nb6 {[%emt 0:04:11]} 8. Bb3 {[%emt 0:00:06]} c5 {[%emt 0:06:08]} 9. Be3 {[%emt 0:03:36]} c4 {[%emt 0:00:25]} 10. Bxc4 {[%emt 0:01:53]} Nxc4 {[%emt 0:00:02]} 11. Qa4+ {[%emt 0:00:07]} Nc6 {[%emt 0:00:08]} 12. Qxc4 {[%emt 0:00:06]} Rc8 {[%emt 0:02:11]} 13. Qa4 {[%emt 0:00:08]} Qb6 {[%emt 0:09:18]} 14. d5 {[%emt 0:04:12]} Qb4 {[%emt 0:00:10]} 15. Qxb4 {[%emt 0:00:07]} Nxb4 {[%emt 0:00:01]} 16. Nbc3 {[%emt 0:00:09]} Nxd5 {[%emt 0:09:40]} 17. Nxd5 {[%emt 0:00:08]} exd5 {[%emt 0:00:01]} 18. Rfc1 {[%emt 0:02:24]} Rc4 {[%emt 0:26:37]} 19. Bxa7 {[%emt 0:22:26]} Bb4 {[%emt 0:05:51]} 20. b3 {[%emt 0:12:34]} Rxc1+ {[%emt 0:01:26]} 21. Rxc1 {[%emt 0:03:13]} Kd7 {[%emt 0:00:17]} 22. Bc5 {[%emt 0:08:40]} Bd2 {[%emt 0:00:56]} 23. Rd1 {[%emt 0:00:09]} Bh6 {[%emt 0:00:01]} 24. Be3 {[%emt 0:09:01]} Bxe3 {[%emt 0:12:52]} 25. fxe3 {[%emt 0:02:37]} Rc8 {[%emt 0:05:21]} 26. Rxd5+ {[%emt 0:00:08]} Ke8 {[%emt 0:02:00]} 27. Rd2 {[%emt 0:02:33]} Rc5 {[%emt 0:00:50]} 28. Nd4 {[%emt 0:00:52]} Be4 {[%emt 0:01:01]} 29. a4 {[%emt 0:02:56]} Ke7 {[%emt 0:01:17]} 30. Rd1 {[%emt 0:04:13]} Rxe5 {[%emt 0:03:36]} 31. b4 {[%emt 0:02:03]} Rg5 {[%emt 0:00:24]} 32. Rd2 {[%emt 0:00:54]} Rg6 {[%emt 0:00:00]} 33. a5 {[%emt 0:00:20]} Ra6 {[%emt 0:01:06]} 34. Nb3 {[%emt 0:01:46]} Rd6 {[%emt 0:00:18]} 35. Kf2 {[%emt 0:08:08]} f5 {[%emt 0:03:33]} 36. Rd4 {[%emt 0:05:25]} Rxd4 {[%emt 0:02:02]} 37. Nxd4 {[%emt 0:00:06]} Kd6 {[%emt 0:00:45]} 38. h4 {[%emt 0:00:23]} g6 {[%emt 0:01:19]} 39. g3 {[%emt 0:00:27]} Kd5 {[%emt 0:00:34]} 40. b5 {[%emt 0:01:08]} Bd3 {[%emt 0:00:26]} 41. Kf3 {[%emt 0:00:16]} Kc5 {[%emt 0:00:34]} 42. a6 {[%emt 0:00:08]} bxa6 {[%emt 0:00:08]} 43. bxa6 {[%emt 0:00:07]} Bxa6 {[%emt 0:00:01]} 44. Ne6+ {[%emt 0:00:25]} Kd6 {[%emt 0:00:29]} 45. Nf8 {[%emt 0:00:07]} Ke5 {[%emt 0:00:31]} 46. Nxh7 {[%emt 0:00:07]} Bb7+ {[%emt 0:00:05]} 47. Ke2 {[%emt 0:00:13]} Ba6+ {[%emt 0:00:52]} 48. Kd2 {[%emt 0:00:28]} Bc4 {[%emt 0:00:17]} 49. Ng5 {[%emt 0:00:20]} Bg8 {[%emt 0:00:57]} 50. Kc3 {[%emt 0:00:08]} Bd5 {[%emt 0:00:31]} 51. Kb4 {[%emt 0:00:06]} Kd6 {[%emt 0:00:01]} 52. Kb5 {[%emt 0:00:21]} Ba2 {[%emt 0:00:52]} 53. Kb4 {[%emt 0:01:44]} Bd5 {[%emt 0:00:01]} 54. Nh3 {[%emt 0:00:28]} Bf7 {[%emt 0:01:15]} 55. Kb5 {[%emt 0:00:23]} Bd5 {[%emt 0:01:05]} 56. Kb4 {[%emt 0:00:49]} Ke5 {[%emt 0:00:34]} 57. Ng5 {[%emt 0:01:16]} Kd6 {[%emt 0:00:09]} 58. Kc3 {[%emt 0:00:04]} Ke5 {[%emt 0:00:06]} 59. Kd3 {[%emt 0:00:06]} Bg8 {[%emt 0:00:46]} 60. Ke2 {[%emt 0:00:06]} Bc4+ {[%emt 0:00:18]} 61. Kf2 {[%emt 0:00:09]} Bd5 {[%emt 0:00:17]} 62. Nf3+ {[%emt 0:01:18]} Kf6 {[%emt 0:00:08]} 63. Ke2 {[%emt 0:01:03]} Bc4+ {[%emt 0:00:19]} 64. Ke1 {[%emt 0:00:26]} Bd5 {[%emt 0:00:06]} 65. Kf2 {[%emt 0:00:04]} Bc4 {[%emt 0:00:44]} 66. Nd4 {[%emt 0:00:58]} Bd5 {[%emt 0:00:36]} 67. Ne2 {[%emt 0:01:16]} Ke5 {[%emt 0:00:50]} 68. Nf4 {[%emt 0:00:06]} Bf7 {[%emt 0:00:03]} 69. Kf3 {[%emt 0:00:08]} Kf6 {[%emt 0:00:29]} 70. Nd3 {[%emt 0:01:38]} g5 {[%emt 0:00:18]} 71. Kf2 {[%emt 0:00:43]} Be8 {[%emt 0:00:55]} 72. Ne1 {[%emt 0:00:07]} Kg6 {[%emt 0:00:59]} 73. Nf3 {[%emt 0:00:12]} gxh4 {[%emt 0:00:09]} 74. gxh4 {[%emt 0:00:04]} Kh5 {[%emt 0:00:54]} 75. Kg3 {[%emt 0:00:11]} Bc6 {[%emt 0:00:41]} 76. Nd4 {[%emt 0:01:21]} Bd7 {[%emt 0:00:01]} 77. Ne2 {[%emt 0:00:06]} Kg6 {[%emt 0:00:01]} 78. Nf4+ {[%emt 0:00:22]} Kf6 {[%emt 0:00:15]} 79. Kf3 {[%emt 0:00:08]} Bc6+ {[%emt 0:00:40]} 80. Ke2 {[%emt 0:00:05]} Bb5+ {[%emt 0:01:07]} 81. Kf3 {[%emt 0:01:10]} Bc6+ {[%emt 0:00:21]} 82. Kg3 {[%emt 0:00:05]} Bd7 {[%emt 0:00:13]} 83. Nd5+ {[%emt 0:01:14]} Ke5 {[%emt 0:00:15]} 84. h5 {[%emt 0:01:15]} Be8 {[%emt 0:00:38]} 85. h6 {[%emt 0:00:06]} Bg6 {[%emt 0:00:11]} 86. Nf4 {[%emt 0:00:23]} Bh7 {[%emt 0:00:16]} 87. Nh5 {[%emt 0:02:07]} f4+ {[%emt 0:02:15]} 88. Nxf4 {[%emt 0:01:03]} Kf6 {[%emt 0:00:47]} 89. Kg4 {[%emt 0:00:55]} Be4 {[%emt 0:00:30]} 90. Nh5+ {[%emt 0:02:02]} Ke6 {[%emt 0:00:45]} 91. Kg5 {[%emt 0:00:11]} Bb1 {[%emt 0:00:26]} 92. Nf6 {[%emt 0:00:18]} Kf7 {[%emt 0:00:30]} 93. Nd5 {[%emt 0:01:53]} Ke6 {[%emt 0:00:31]} 94. Nf6 {[%emt 0:00:22]} Kf7 {[%emt 0:00:01]} 95. e4 {[%emt 0:00:07]} Ba2 {[%emt 0:00:33]} 96. Nh5 {[%emt 0:00:41]} Kg8 {[%emt 0:00:04]} 97. Ng3 {[%emt 0:00:27]} Bb1 {[%emt 0:01:02]} 98. e5 {[%emt 0:00:23]} Bh7 {[%emt 0:00:54]} 99. e6 {[%emt 0:00:20]} Bd3 {[%emt 0:00:21]} 100. Nf5 {[%emt 0:00:11]} Kh7 {[%emt 0:00:16]} 101. Nd6 {[%emt 0:00:32]} Bc2 {[%emt 0:00:15]} 102. e7 {[%emt 0:00:10]} Bg6 {[%emt 0:00:03]} 103. e8=Q {[%emt 0:00:11]} Bxe8 {[%emt 0:00:02]} 104. Nxe8 {[%emt 0:00:07]} Kg8 {[%emt 0:00:02]} 105. Kg6 {[%emt 0:00:10]} Kh8 {[%emt 0:00:03]} 106. Nd6 {[%emt 0:00:07]} 1-0

[Event "27th Fajr Cup Masters 2019"]
[Site "Tehran"]
[Date "2019.02.10"]
[Round "8.7"]
[White "Mikaelyan, Arman"]
[Black "Lorparizangeneh, Shahin"]
[Result "0-1"]
[WhiteElo "2465"]
[BlackElo "2493"]
[Annotator "TA"]
[PlyCount "112"]
[EventDate "2019.02.05"]
[EventType "swiss"]
[EventCountry "IRI"]
[SourceTitle "playchess.com"]
[Source "ChessBase"]
[SourceQuality "1"]

{[%evp 9,112,0,8,0,3,0,0,8,24,4,1,8,5,-20,-25,-35,0,0,0,0,14,-150,-152,-156,-156,-156,-140,-152,-127,-128,-129,-125,-112,-114,-100,-91,-90,-95,-100,-94,-71,-157,-155,-147,-161,-177,-177,-162,-186,-162,-175,-165,-194,-192,-152,-262,-262,-236,-103,-454,-452,-448,-439,-539,-641,-497,-412,-412,-412,-478,-403,-1079,-1084,-1085,-975,-1019,-946,-833,-753,-514,-276,-444,-403,-1812,-1812,-1791,-1603,-1560,-1300,-1554,-1543,-1543,-1358,-1088,-992,-2870,-2639,-3883,-2016,-5803,-5543,-6129,-4640,-4618,-4618]} 1. d4 Nf6 2. Bf4 g6 3. Nc3 d5 4. e3 Bg7 5. h4 c6 6. Be2 {A45: Trompowsky Attack} Qb6 (6... h5 7. Nf3 Bg4 8. Ne5 Bxe2 9. Qxe2 Nbd7 10. O-O-O Rc8 11. f3 {0-1 (60) Nabaty,T (2692)-Rodshtein,M (2674) Czech Republic 2019}) 7. Na4 Qa5+ 8. c3 {The position is equal.} Ne4 $146 ({Predecessor:} 8... Nbd7 9. b4 Qd8 10. h5 gxh5 11. Bxh5 b5 12. Nb2 {1-0 (30) Costa Trave,J (1981)-Anuprita,P (2059) Barbera del Valles 2009}) 9. f3 Nd6 10. Nc5 Nd7 11. Nxd7 Bxd7 12. Nh3 O-O 13. h5 Rae8 $1 {[%cal Ba8e8,Be8e5,Be5d5][%mdl 32]} 14. hxg6 fxg6 {White must now prevent ...e5.} 15. Qb3 $2 (15. Be5 $1 $11) 15... e5 $17 16. dxe5 Bxe5 17. Bxe5 Rxe5 18. e4 Be6 19. Qb4 Qxb4 (19... dxe4 $6 20. Qxd6 exf3 21. gxf3 $11) 20. cxb4 dxe4 21. f4 Rd5 {Hoping for ...Bxh3.} 22. Ng5 Bc8 23. Bd1 Nc4 24. Bb3 b5 ({Don't play} 24... Nxb2 $6 25. Rxh7 Rxf4 26. Rc7 $11) 25. O-O ({White should try} 25. g3) 25... Bf5 ({Don't do} 25... Nxb2 26. Rfe1 $15) 26. Rfe1 {[#]} Rd4 $1 $36 {[%mdl 2048] Black is really pushing.} 27. a4 h6 28. Nh3 Bxh3 29. gxh3 Rxf4 30. axb5 cxb5 31. Rxa7 Rf3 32. Bxc4+ (32. Ba2 $17 {keeps fighting.}) 32... Rxc4 {[%mdl 4096] Endgame KRR-KRR} 33. Rd1 Rd3 ({And not} 33... Rxb4 34. Rd8+ Rf8 35. Rdd7 $11) (33... e3 $19 {has better winning chances.} 34. Rb7 Rcf4) 34. Rf1 $2 {[%mdl 8192] [#]} (34. Rda1 $17 {nothing else works.}) 34... Rg3+ $1 $19 35. Kh2 Rf3 36. Rxf3 exf3 {KR-KR} 37. Kg3 Rxb4 38. Kxf3 Rxb2 39. Kf4 Rf2+ 40. Kg4 (40. Ke4 $142 g5 41. Rb7) 40... Rf7 41. Ra8+ Kg7 42. Rb8 h5+ 43. Kg3 Rf5 44. Rb7+ Kh6 45. Rb6 $2 (45. h4) 45... Rg5+ 46. Kf3 (46. Kh2 $142) 46... h4 {Black is clearly winning.} 47. Kf4 Rc5 48. Kg4 Rc4+ 49. Kf3 b4 50. Rb5 g5 51. Rb6+ Kg7 52. Ke3 g4 53. hxg4 Rxg4 54. Kf3 Rc4 55. Rd6 b3 56. Rb6 Rc3+ {Accuracy: White = 25%, Black = 74%.} 0-1

[Event "27th Fajr Cup Masters 2019"]
[Site "Tehran"]
[Date "2019.02.10"]
[Round "8.8"]
[White "Darini, Pouria"]
[Black "Gholami Orimi, Mahdi"]
[Result "0-1"]
[WhiteElo "2475"]
[BlackElo "2375"]
[Annotator "TA"]
[PlyCount "66"]
[EventDate "2019.02.05"]
[EventType "swiss"]
[EventCountry "IRI"]
[SourceTitle "playchess.com"]
[Source "ChessBase"]
[SourceQuality "1"]

{[%evp 14,66,0,0,41,20,29,10,95,15,28,0,0,0,0,0,0,1,28,0,18,0,0,-24,-11,-129,-118,-125,-126,-110,-115,-203,-147,-362,-351,-507,-516,-552,-374,-406,-408,-382,-404,-401,-394,-386,-368,-412,-360,-449,-440,-488,-388,-592,-582]} 1. e4 e5 2. Nf3 Nc6 3. d4 exd4 4. Nxd4 Nf6 5. Nxc6 bxc6 6. e5 Qe7 7. Qe2 Nd5 8. c4 Qc5 {C45: Scotch Game} (8... Ba6 9. b3 g6 10. f4 d6 11. Qf2 Nf6 12. Be2 dxe5 13. O-O Ne4 14. Qf3 f5 15. Nc3 exf4 16. Nxe4 Qxe4 17. Qxe4+ fxe4 18. Rxf4 {½-½ (35) Nepomniachtchi,I (2757)-Grischuk,A (2766) chess.com INT 2018}) 9. a3 $146 {And now b4 would win.} ({Predecessor:} 9. Bd2 Ba6 10. Qe4 Nb6 11. b3 O-O-O 12. Be3 Qb4+ 13. Nd2 d5 14. exd6 Bxd6 15. a3 Qc3 16. Bd4 {1-0 (24) Vujovic,K-Samardzic,S Pljevlja 2013}) 9... a5 10. Qe4 Nb6 (10... g6 $11) 11. Bd3 ({White should play} 11. Be3 $16 Qe7 12. Nc3) 11... g6 12. O-O Bg7 13. Nd2 O-O 14. Nf3 Re8 15. Qh4 Qf8 16. Bf4 h6 17. Rad1 Na4 18. Rd2 Rb8 19. e6 (19. Rb1 $11) 19... Rxe6 $17 20. Bxc7 Rxb2 21. Bxa5 Qxa3 22. Bc2 (22. Qd8+ $17 {was necessary.} Qf8 23. Qxf8+ Kxf8 24. Rc1) 22... Nc3 $36 {[%mdl 2048] Black has strong initiative.} 23. Bxc3 $2 {[#]} (23. Qd8+ $17 {was forced.} Qf8 24. Qxf8+ Kxf8 25. Bd3 Rxd2 26. Nxd2) 23... Bxc3 $19 24. Rd3 (24. Qxh6 {keeps fighting.} Bxd2 25. Qxd2) 24... Rxc2 25. Nd4 Qd6 26. Qd8+ Kh7 27. Rxc3 Rxc3 28. Nxe6 Qxe6 ({Weaker is} 28... fxe6 29. Qf6 $19) 29. Qxc8 Rxc4 {KQR-KQR} 30. h3 Rc2 31. Qc7 d5 32. Rb1 Qf5 33. Rf1 (33. f4 $142) 33... d4 {Accuracy: White = 14%, Black = 58%.} 0-1

[Event "27th Fajr Cup Masters 2019"]
[Site "Tehran"]
[Date "2019.02.11"]
[Round "9.1"]
[White "Firouzja, Alireza"]
[Black "Fedorchuk, Sergey A."]
[Result "1-0"]
[WhiteElo "2618"]
[BlackElo "2604"]
[Annotator "TA"]
[PlyCount "95"]
[EventDate "2019.02.05"]
[EventType "swiss"]
[EventCountry "IRI"]
[SourceTitle "playchess.com"]
[Source "ChessBase"]
[SourceQuality "1"]

{[%evp 13,95,15,17,12,24,16,19,17,26,16,15,27,14,12,37,27,14,4,18,27,27,10,11,5,35,19,49,26,70,71,71,64,61,65,71,74,68,69,74,71,70,41,54,55,90,90,90,90,119,96,135,150,213,193,201,191,191,156,172,187,166,141,154,127,277,134,441,424,1140,1107,919,800,1496,1668,1814,1303,866,1354,2418,2083,29978,29979,29979,29979]} 1. e4 e5 2. Nf3 Nc6 3. Bc4 Bc5 4. c3 Nf6 5. d3 a6 6. a4 d6 7. O-O h6 8. Nbd2 {C54: Giuoco Piano: 4 c3 Nf6, main lines with 5 d4 and 5 d3} Ba7 9. Re1 Ne7 10. Nf1 {The position is equal.} O-O 11. h3 Ng6 12. Ng3 c6 13. Bb3 Be6 14. Bxe6 fxe6 15. d4 {[#]} Nh7 $146 ({Predecessor:} 15... exd4 16. cxd4 {½-½ (53) Giri,A (2793)-Nakamura,H (2790) Moscow 2016}) 16. Be3 Qf6 17. a5 exd4 18. cxd4 d5 19. e5 Qf7 20. Ne2 {[%cal Bg3e2,Be2c1,Bc1d3,Bd3c5][%mdl 32]} Rac8 21. b4 Ne7 22. Nc1 Nf5 23. Nd3 g5 24. Nc5 Rc7 25. Ra3 Qg6 26. g4 Nxe3 27. Rexe3 Rf4 28. Ne1 Nf8 29. Ng2 Rff7 30. h4 gxh4 31. Rh3 (31. Nxh4 Qg5 $14) 31... Bxc5 32. bxc5 Rg7 (32... Qg7 $16) 33. Rxh4 $18 Rcf7 34. Rah3 Nh7 35. f4 ({Don't do} 35. Rxh6 $6 Qxg4 36. Qxg4 Rxg4 $14) 35... h5 36. Rxh5 Qxg4 37. Qxg4 Rxg4 38. R5h4 Rxh4 (38... Rgg7 $16 39. Kf1 Kf8) 39. Rxh4 $16 {[%mdl 4096] Endgame KRN-KRN} (39. Rg3+ $1 $18 {and the rest is easy.} Kf8 40. Nxh4) 39... Nf8 $2 {[%mdl 8192]} (39... Rg7 $16) 40. Rg4+ $18 Rg7 {[#]} (40... Kh8 $142 41. Kf2 Kh7) 41. Rxg7+ $1 Kxg7 {[#] KN-KN} 42. Nh4 $1 Kh6 43. Kg2 Kh5 44. Kg3 Nh7 45. Nf3 Kh6 46. Kg4 Kg6 47. Ng5 Nf8 {[#]} 48. Nxe6 $1 {[%mdl 512] Accuracy: White = 81%, Black = 33%.} 1-0

[Event "27th Fajr Cup Masters 2019"]
[Site "Tehran"]
[Date "2019.02.11"]
[Round "9.2"]
[White "Lorparizangeneh, Shahin"]
[Black "Ponkratov, Pavel"]
[Result "0-1"]
[WhiteElo "2493"]
[BlackElo "2630"]
[Annotator "TA"]
[PlyCount "154"]
[EventDate "2019.02.05"]
[EventType "swiss"]
[EventCountry "IRI"]
[SourceTitle "playchess.com"]
[Source "ChessBase"]
[SourceQuality "1"]

{[%evp 16,154,53,35,39,35,57,28,64,54,63,0,45,45,114,19,16,0,18,15,23,26,22,17,41,0,0,-13,0,0,8,11,2,-31,-24,-28,-27,-49,-42,-60,-45,-43,-56,-89,-80,-97,-79,-93,-77,-79,-77,-145,-139,-154,-144,-173,-79,-70,-78,-71,-71,-106,-54,-54,-54,-54,-54,-54,-46,-54,-54,-54,-52,-61,-61,-61,-59,-72,-61,-61,-35,-38,0,-54,-54,-54,-54,-101,-90,-124,-126,-127,-121,-135,-135,-184,-179,-174,-121,-219,-144,-212,-176,-408,-410,-403,-394,-726,-729,-656,-656,-783,-566,-11633,-6340,-2483,-2114,-11633,-1107,-29971,-29972,-29971,-29972,-29972,-29969,-29966,-29965,-29969,-29971,-29970,-29970,-29970,-29971,-29971,-29973,-29973,-29973,-29973,-29972,-29971,-29963]} 1. Nf3 Nf6 2. c4 g6 3. Nc3 d5 4. cxd5 Nxd5 5. h4 h6 6. e4 {A16: English Opening: 1...Nf6 with ...d5} Nxc3 7. bxc3 Bg7 8. d4 c5 9. Be2 {LiveBook: 4 Games} O-O 10. Be3 $146 ({Predecessor:} 10. Rb1 b6 11. Be3 cxd4 12. cxd4 Bg4 13. Qd2 h5 {1-0 (45) Sambuev,B (2696)-Cheng,B (2517) Kitchener 2013}) 10... cxd4 11. cxd4 Qa5+ 12. Bd2 Qd8 13. Be3 ({White should play} 13. O-O $14) 13... Nd7 14. e5 Nb6 (14... Qa5+ $14 15. Bd2 Qd5) 15. Qd2 (15. h5 $16) 15... h5 $11 16. Ng5 f6 17. Nf3 Be6 18. O-O Rc8 19. Rfc1 Qd5 20. a4 Nc4 21. Qd3 Kh7 22. Bf4 Rfd8 23. Qb3 Na5 24. Qxd5 Bxd5 25. exf6 exf6 26. Bd1 b6 27. Be2 Bh6 $36 {[%mdl 2048] Black is more active.} 28. Be3 Nc4 29. Bxh6 Kxh6 30. Rc3 Na5 31. Rac1 Rxc3 32. Rxc3 Nc6 33. Bc4 (33. Bb5 $142 Rd6 34. Kh2) 33... Bxf3 $1 $17 34. Rxf3 Rxd4 {[%mdl 4096] Endgame KRB-KRN} 35. Bb5 Rd1+ (35... Ne5 $19 {and Black stays clearly on top.} 36. Rc3 Rxh4) 36. Kh2 Ne5 37. Rc3 Rd4 38. Kg3 {[#]} Nf7 (38... a6 $1 $17 {[%mdl 512]} 39. Bxa6 Rg4+ 40. Kh3 Rxa4) 39. Rc7 $15 Nd6 {aiming for ...Nf5+.} 40. Rxa7 Nf5+ 41. Kh2 Rxh4+ 42. Kg1 Rd4 43. g3 Kg5 44. Rc7 Rd1+ 45. Kg2 Rd2 46. Kf1 Nd6 47. Be2 Rb2 48. Bd3 Rd2 49. Be2 $1 Ne4 50. Rc4 f5 51. Rc6 Rb2 52. Rc7 f4 53. gxf4+ Kxf4 54. Rf7+ Kg5 55. Bd3 Nc5 56. Bb5 Rb4 ({Better is} 56... Ne6 $19 57. Kg2 Nf4+ 58. Kg1 Ra2) 57. Be8 (57. Re7 $17 {keeps fighting.}) 57... Re4 58. Rf8 (58. Bc6 $17 Re6 59. Bb5) 58... Ne6 59. Rg8 $2 (59. Rf7) 59... Nf4 $19 60. Bb5 Rb4 {[%cal Rb4b1]} 61. Re8 $2 (61. Kg1 Rb1+ 62. Kh2) 61... Rb1+ 62. Re1 Rxe1+ 63. Kxe1 {KB-KN} Kf5 64. f3 Ke5 65. Kf2 h4 66. Kg1 Kd4 (66... g5 $142 67. Ba6 Kd4) 67. Kh2 Ke3 {Black mates.} 68. Bc6 g5 69. Bb7 Kf2 70. Be4 Ne2 71. Kh3 Ng1+ 72. Kg4 h3 {[%cal Bh4h3,Bh3h2][%mdl 32]} 73. Bc6 h2 74. f4 gxf4 75. Kxf4 Ne2+ 76. Ke5 Nc3 77. Kd4 {[#]} Nxa4 $1 {[%mdl 512] Precision: White = 36%, Black = 58%.} 0-1

[Event "27th Fajr Cup Masters 2019"]
[Site "Tehran"]
[Date "2019.02.11"]
[Round "9.3"]
[White "Ter-Sahakyan, Samvel"]
[Black "Malakhatko, Vadim"]
[Result "1-0"]
[WhiteElo "2593"]
[BlackElo "2525"]
[Annotator "TA"]
[PlyCount "101"]
[EventDate "2019.02.05"]
[EventType "swiss"]
[EventCountry "IRI"]
[SourceTitle "playchess.com"]
[Source "ChessBase"]
[SourceQuality "1"]

{[%evp 9,101,44,60,62,104,89,66,64,110,103,119,103,204,168,193,165,220,214,203,215,233,168,158,143,185,173,256,258,215,210,455,327,393,214,177,148,362,137,640,564,639,646,625,625,545,427,419,394,360,154,143,122,475,480,454,480,447,474,462,406,860,832,654,633,708,704,1973,7220,29959,29966,6952,0,265,0,1479,6153,29976,29977,29974,29973,29976,29977,2240,2229,29977,29978,29985,29986,29986,29987,29992,29993,29998,29999]} 1. e4 e6 2. d4 d5 3. Nc3 Bb4 4. e5 Qd7 5. Qg4 f5 (5... Bf8 6. Bg5 b6 7. f4 Ba6 8. Bxa6 Nxa6 9. Nge2 g6 10. a3 Be7 11. O-O O-O-O 12. b4 h6 13. Bxe7 Nxe7 14. b5 Nb8 15. a4 Nf5 {1-0 (35) Gascon del Nogal,J (2477)-Ider,B (2514) Rochefort 2018}) 6. Qg3 {C16: French: 3 Nc3 Bb4 4 e5: Lines without ...c5} Nc6 7. Bb5 Qf7 8. a3 {White is slightly better.} Bxc3+ $146 ({Predecessor:} 8... Ba5 9. b4 Bb6 10. Nf3 Nge7 11. Ne2 a5 12. Rb1 axb4 13. axb4 {1-0 (31) Pilarska,L (2095)-Silin,V (2275) ICCF email 2010}) 9. Qxc3 Bd7 10. Nf3 O-O-O (10... Nge7 $16 {keeps fighting.}) 11. Bd3 Nge7 12. b4 {[%cal Bb2b4,Bb4b5][%mdl 32] b5 is the strong threat.} Rdg8 (12... b6 {is a better defense.} 13. b5 Na5) 13. b5 $18 Nd8 14. a4 {[%cal Ba3a4,Ba4a5][%mdl 32]} Kb8 15. Nd2 g5 16. Nb3 b6 17. a5 Nc8 (17... Bc8 $142 18. O-O Bb7) 18. Ba3 f4 19. Kd2 g4 $2 (19... Be8 {might work better.} 20. Bb4 g4) 20. Rhb1 g3 21. hxg3 (21. axb6 $142 cxb6 22. fxg3) 21... fxg3 22. f3 Be8 $2 (22... Nb7 $16) 23. Ke2 $2 (23. axb6 $18 {and White stays clearly on top.} cxb6 24. Rh1) 23... h5 $2 {[%mdl 8192]} (23... Nb7 $16 24. axb6 cxb6) 24. axb6 cxb6 25. Nc5 $1 Rg7 26. Na6+ Kb7 {If Black can now play ...h4 this consolidates a bit.} 27. Rb4 h4 28. Rc4 Qd7 29. Bd6 (29. Rc7+ $18 Qxc7 30. Nxc7 Rxc7 31. Qb4) 29... Nxd6 $16 30. exd6 Qxd6 $2 {[%mdl 8192]} (30... dxc4 $16 {is more resistant.} 31. Be4+ Kc8 32. Qxc4+ Nc6 $1 {[%mdl 512]}) 31. Rc8 $18 Nc6 {[#]} 32. Qxc6+ $1 (32. Rxc6 Bxc6 33. bxc6+ Kc8 $11) 32... Bxc6 33. Rxh8 Bd7 {[#]} 34. c4 $1 {[%cal Rc4c5]} Bc8 (34... Rf7 $142 35. c5 Qf4 36. c6+ Bxc6 37. Rb8+ (37. bxc6+ Kxc6 38. Rd8 Rd7 $14) 37... Qxb8 38. bxc6+ (38. Nxb8 Bxb5 39. Bxb5 Kxb8 $16) 38... Kc8 39. Nxb8 Kxb8) 35. c5 bxc5 36. Nxc5+ Kb8 37. Ra6 Qf4 38. Rc6 {[%csl Gc6][%cal Rh8c8]} Rc7 39. Na6+ {[%mdl 64] Double Attack} Kb7 40. Nc5+ $2 (40. Rxc7+ Qxc7 41. Nxc7) 40... Kb8 41. Na6+ $2 ({And not} 41. Nxe6 Qf6 $15) (41. Re8 Qxd4 42. Na6+ {[%mdl 64] Double Attack} Kb7 43. Rxc7+ Kb6 44. Rcxc8) 41... Kb7 42. Rxc7+ Kb6 43. Rc6+ Ka5 44. Nc5 Kb4 45. Rhxc8 Qxd4 46. Na6+ Ka5 47. Rc2 {White mates.} Qf2+ 48. Kd1 Qg1+ 49. Kd2 Qxg2+ 50. Be2 ({Weaker is} 50. Kc3 Qxc2+ 51. Kxc2 g2 $16) 50... Qf2 51. Ra2+ {Accuracy: White = 65%, Black = 33%.} 1-0